000 00777nam a2200217Ia 4500
001 2684
003 GE_BSU
008 181216s||||||||xx |||||||||||||| ||und||
020 _a9992892889
040 _cGE_BSU
080 _a913(479.22:100)
100 _aკიკნაძე, ზურაბ და სხვ.
245 _aსაქართველოსა და მსოფლიოს ისტორია გეოგრაფია VII კლასი
260 _aთბილისი
260 _bლოგოს პრესი
260 _c2006
300 _a350 გვ.ილ.
541 _h12 ლ.
653 _aსაქართველოსა და მსოფლიოს ისტორია გეოგრაფია
942 _cBK
999 _c36747
_d36747